[Event "Budapest FS07 FM-B"]
[Site "Budapest"]
[Date "2008.07.06"]
[Round "2"]
[White "Borda, Lajos"]
[Black "Szirmai, Eduard"]
[Result "0-1"]
[WhiteElo "2199"]
[BlackElo "2123"]
[PlyCount "84"]
[EventDate "2008.07.05"]
[EventType "tourn"]
[EventRounds "10"]
[EventCountry "HUN"]
[SourceTitle "CBM 125 Extra"]
[Source "ChessBase"]
[SourceDate "2008.09.01"]
[SourceVersion "1"]
[SourceVersionDate "2008.09.01"]
[SourceQuality "1"]

1. d4 d5 2. a3 e6 3. e3 Nf6 4. Nf3 c5 5. dxc5 Bxc5 6. b4 Be7 7. Bb2 0-0 8. Nbd2 Nbd7 9. c4 b6 10. cxd5 Nxd5 11. e4 Nf4 12. g3 Ng6 13. Qe2 a5 14. b5 Nc5 15. Nd4 Bb7 16. Rd1 Qc7 17. Bg2 Rad8 18. 0-0 Bf6 19. Nb1 e5 20. Nf5 Ne7 21. Nxe7+ Bxe7 22. Nc3 f6 23. Qc4+ Kh8 24. Bh3 g6 25. Be6 Kg7 26. Bd5 Bc8 27. Kg2 Qd7 28. f3 Qh3+ 29. Kg1 h5 30. Kh1 Rd6 31. Ne2 Rfd8 32. a4 Be6 33. Nc3 Bc8 34. Ba3 R6d7 35. Bxc5 Bxc5 36. Be6 Rxd1 37. Bxh3 R1d4 38. Qb3 Bxh3 39. Rd1 Rd2 40. Rg1 Bxg1 41. Kxg1 Rg2+ 42. Kh1 Rdd2 0-1

[Event "Budapest FS07 FM-B"]
[Site "Budapest"]
[Date "2008.07.05"]
[Round "1"]
[White "Szirmai, Eduard"]
[Black "Patrick, David A"]
[Result "1-0"]
[WhiteElo "2123"]
[BlackElo "1996"]
[PlyCount "101"]
[EventDate "2008.07.05"]
[EventType "tourn"]
[EventRounds "10"]
[EventCountry "HUN"]
[SourceTitle "CBM 125 Extra"]
[Source "ChessBase"]
[SourceDate "2008.09.01"]
[SourceVersion "1"]
[SourceVersionDate "2008.09.01"]
[SourceQuality "1"]

1. d4 d5 2. c4 c6 3. Nf3 Nf6 4. Nc3 a6 5. cxd5 cxd5 6. g3 Bf5 7. Bg2 e6 8. 0-0 Nc6 9. Re1 h6 10. Bf4 Rc8 11. Ne5 Qb6 12. Nxc6 Rxc6 13. Qd2 Bb4 14. Be5 Qa5 15. Bxf6 gxf6 16. Rac1 Bxc3 17. Rxc3 Ke7 18. Rec1 Rhc8 19. a3 Rxc3 20. Rxc3 Rxc3 21. Qxc3 Qxc3 22. bxc3 b5 23. f3 Bc2 24. e4 Kd6 25. Kf2 e5 26. Ke3 Bb3 27. Bh3 a5 28. Bc8 Kc7 29. Bg4 Kd6 30. Bh3 Bc4 31. Bg2 Ke6 32. f4 dxe4 33. Bxe4 f5 34. Bb7 e4 35. Bc8+ Kf6 36. Bd7 h5 37. d5 Bxd5 38. Bxb5 Ke6 39. Kd4 Kd6 40. c4 Be6 41. c5+ Kc7 42. Be2 f6 43. Bxh5 Bd7 44. Be2 Bc6 45. Bh5 Kd8 46. h4 Ke7 47. Bg6 Bd7 48. h5 Be6 49. h6 Kf8 50. c6 Kg8 51. Be8 1-0

[Event "Balatonlelle op 26th"]
[Site "Balatonlelle"]
[Date "2008.06.16"]
[Round "3.26"]
[White "Szirmai, Eduard"]
[Black "Gara, Anita"]
[Result "0-1"]
[WhiteElo "2123"]
[BlackElo "2331"]
[PlyCount "82"]
[EventDate "2008.06.14"]
[EventType "swiss"]
[EventRounds "9"]
[EventCountry "HUN"]
[SourceTitle "CBM 125 Extra"]
[Source "ChessBase"]
[SourceDate "2008.09.01"]
[SourceVersion "1"]
[SourceVersionDate "2008.09.01"]
[SourceQuality "1"]

1. d4 d5 2. c4 e6 3. Nc3 c5 4. e3 Nf6 5. Nf3 Nc6 6. a3 a6 7. cxd5 exd5 8. dxc5 Bxc5 9. b4 Ba7 10. Bb2 0-0 11. b5 axb5 12. Nxb5 Bb6 13. Be2 Ba5+ 14. Kf1 Bg4 15. Qd3 Qe7 16. Rd1 Rad8 17. Nbd4 Ne4 18. h3 Bxf3 19. gxf3 Ne5 20. Qb1 Nd2+ 21. Rxd2 Bxd2 22. f4 Ng6 23. Rg1 Rc8 24. Nf5 Qd7 25. h4 Bc3 26. Bd3 d4 27. Nxd4 Qh3+ 28. Ke2 Qxh4 29. Bxc3 Rxc3 30. Qxb7 Rxa3 31. Qb2 Rfa8 32. Bc2 Qh5+ 33. Kf1 Ra1+ 34. Bb1 Qd1+ 35. Kg2 Qg4+ 36. Kf1 Qh3+ 37. Ke2 Qh5+ 38. Kf1 Qd5 39. Ke1 Qe4 40. Kd2 Qd5 41. Rc1 R8a2 0-1

[Event "Balatonlelle op-B"]
[Site "Balatonlelle"]
[Date "2006.06.23"]
[Round "7.1"]
[White "Szirmai, Eduard"]
[Black "Bednay, Bence"]
[Result "1/2-1/2"]
[WhiteElo "2132"]
[BlackElo "2169"]
[PlyCount "43"]
[EventDate "2006.06.17"]
[EventType "swiss"]
[EventRounds "9"]
[EventCountry "HUN"]
[SourceTitle "EXT 2007"]
[Source "ChessBase"]
[SourceDate "2006.11.23"]
[SourceVersion "1"]
[SourceVersionDate "2006.11.23"]
[SourceQuality "1"]

1. d4 Nf6 2. c4 c5 3. e3 g6 4. Nc3 Bg7 5. Nf3 0-0 6. Be2 cxd4 7. Nxd4 Nc6 8. Nxc6 bxc6 9. 0-0 Re8 10. Qc2 d5 11. Rd1 Qa5 12. Bd2 dxc4 13. Bxc4 Qc5 14. Na4 Qh5 15. Bf1 Bf5 16. Qc4 Be6 17. Qe2 Qh4 18. Nc5 Bd5 19. g3 Qh5 20. Qxh5 gxh5 21. Bc3 Rad8 22. Be2 1/2-1/2

[Event "Balatonlelle op-B"]
[Site "Balatonlelle "]
[Date "2005.06.23"]
[Round "6"]
[White "Richter, Rainer"]
[Black "Szirmai, Eduard"]
[Result "1/2-1/2"]
[WhiteElo "2174"]
[BlackElo "2119"]
[PlyCount "82"]
[EventDate "2005.06.18"]
[EventType "swiss"]
[EventRounds "9"]
[EventCountry "HUN"]
[SourceTitle "EXT 2008"]
[Source "ChessBase"]
[SourceDate "2007.11.25"]
[SourceVersion "1"]
[SourceVersionDate "2007.11.25"]
[SourceQuality "1"]

1. d4 Nf6 2. Nf3 b6 3. Bg5 Bb7 4. Nbd2 Ne4 5. Nxe4 Bxe4 6. Nd2 Bb7 7. c3 g6 8. e4 Bg7 9. Bd3 0-0 10. 0-0 d6 11. Qe2 Qe8 12. Qe3 Nd7 13. Bh6 e5 14. Bxg7 Kxg7 15. f4 f6 16. Rae1 Qe7 17. Qg3 Kh8 18. Re3 Rae8 19. Rfe1 Qg7 20. Nf3 Re7 21. fxe5 dxe5 22. Bb5 c6 23. Bc4 b5 24. Bb3 c5 25. dxe5 Nxe5 26. Bd5 Rfe8 27. b3 Rd7 28. c4 a6 29. Rd1 Qe7 30. Nxe5 Qxe5 31. Qxe5 Rxe5 32. Red3 Kg7 33. Kf2 Kf8 34. cxb5 axb5 35. Bxb7 Rxb7 36. Rd7 Rxd7 37. Rxd7 Rxe4 38. Rxh7 c4 39. Rc7 cxb3 40. axb3 Rb4 41. Rc3 Ke7 1/2-1/2

[Event "Balatonlelle op-B"]
[Site "Balatonlelle "]
[Date "2005.06.22"]
[Round "5"]
[White "Baum, Bernd"]
[Black "Szirmai, Eduard"]
[Result "1-0"]
[WhiteElo "2171"]
[BlackElo "2119"]
[PlyCount "145"]
[EventDate "2005.06.18"]
[EventType "swiss"]
[EventRounds "9"]
[EventCountry "HUN"]
[SourceTitle "EXT 2008"]
[Source "ChessBase"]
[SourceDate "2007.11.25"]
[SourceVersion "1"]
[SourceVersionDate "2007.11.25"]
[SourceQuality "1"]

1. Nf3 d5 2. g3 c6 3. Bg2 Bg4 4. b3 Nd7 5. Bb2 e6 6. 0-0 Ngf6 7. c4 Be7 8. d3 0-0 9. Nbd2 a5 10. a3 Qb6 11. Rb1 Qa7 12. b4 axb4 13. axb4 b5 14. c5 Qc7 15. d4 Ra4 16. Bc3 Rfa8 17. Ne5 Bf5 18. Rb3 Ra2 19. Rb2 R2a3 20. Rb3 R3a4 21. Nxd7 Qxd7 22. f3 Bg6 23. e4 Qa7 24. Re1 h6 25. Rb1 Qc7 26. Nb3 Bd8 27. Qe2 Ra2 28. Rb2 R2a3 29. Rbb1 Qb8 30. Qc2 R8a4 31. Bb2 Ra2 32. Qc3 Ra6 33. Nc1 R2a4 34. Nd3 Bc7 35. Re2 h5 36. Ne5 Bh7 37. Rbe1 Ra2 38. Bh3 dxe4 39. fxe4 Bxe5 40. dxe5 Ng4 41. Rd1 Ra8 42. Rd6 Qc7 43. Qd4 R2a7 44. Qd3 Bg6 45. Kg2 Rc8 46. Rd2 Kh7 47. Qf3 Ra4 48. Bxg4 hxg4 49. Qxg4 Rf8 50. Qh4+ Kg8 51. Rd8 Bxe4+ 52. Kf2 Bd5 53. Rxf8+ Kxf8 54. Qh8+ Ke7 55. Qxg7 Rxb4 56. Bd4 Ra4 57. Be3 Kd7 58. Qxf7+ Kc8 59. Qxc7+ Kxc7 60. h4 Ra2 61. Rxa2 Bxa2 62. h5 Kd7 63. g4 Ke8 64. Kg3 Kf7 65. Bd2 Bb1 66. g5 Bc2 67. g6+ Kg7 68. Kh4 Bd3 69. Kg5 Bc2 70. Ba5 Bd3 71. h6+ Kh8 72. Bd8 Bxg6 73. Kxg6 1-0

[Event "Budapest FS04 Elo-A"]
[Site "Budapest"]
[Date "2005.04.07"]
[Round "6"]
[White "Bednay, Bence"]
[Black "Szirmai, Eduard"]
[Result "1-0"]
[WhiteElo "2176"]
[BlackElo "2119"]
[PlyCount "91"]
[EventDate "2005.04.02"]
[EventType "tourn"]
[EventRounds "11"]
[EventCountry "HUN"]
[SourceTitle "CBM 105 Extra"]
[Source "ChessBase"]
[SourceDate "2005.05.01"]
[SourceVersion "1"]
[SourceVersionDate "2005.05.01"]
[SourceQuality "1"]

1. e4 d6 2. d4 Nf6 3. f3 Nc6 4. c4 e5 5. d5 Ne7 6. Be3 c6 7. Nc3 Ng6 8. Qd2 Be7 9. Bd3 a6 10. Nge2 0-0 11. Na4 c5 12. 0-0 Bd7 13. Nac3 Rb8 14. a3 b5 15. Rfb1 bxc4 16. Bxc4 Bb5 17. Bxb5 axb5 18. b4 c4 19. a4 bxa4 20. Rxa4 Nd7 21. b5 Nf4 22. Rxc4 Bg5 23. Nxf4 Bxf4 24. Rc6 Bxe3+ 25. Qxe3 Nc5 26. Ra1 g6 27. Ra7 Rb7 28. Rxb7 Nxb7 29. Qb6 Qa8 30. Qa6 Qb8 31. b6 Nc5 32. Qa7 Qd8 33. b7 Qg5 34. Rxc5 Qc1+ 35. Kf2 Qb2+ 36. Kg3 dxc5 37. Na4 Qb1 38. h3 f5 39. Qa6 Kg7 40. Nxc5 Qg1 41. Ne6+ Kg8 42. exf5 gxf5 43. Nxf8 f4+ 44. Kh4 Qf2+ 45. Kh5 Qxg2 46. Qe6+ 1-0

[Event "Budapest FS04 Elo-A"]
[Site "Budapest"]
[Date "2005.04.05"]
[Round "4"]
[White "Willim, Michael"]
[Black "Szirmai, Eduard"]
[Result "1/2-1/2"]
[WhiteElo "2099"]
[BlackElo "2119"]
[PlyCount "87"]
[EventDate "2005.04.02"]
[EventType "tourn"]
[EventRounds "11"]
[EventCountry "HUN"]
[SourceTitle "CBM 105 Extra"]
[Source "ChessBase"]
[SourceDate "2005.05.01"]
[SourceVersion "1"]
[SourceVersionDate "2005.05.01"]
[SourceQuality "1"]

1. Nf3 g6 2. g3 Bg7 3. Bg2 e5 4. d3 d6 5. 0-0 Nc6 6. c4 f5 7. Nc3 Nf6 8. Rb1 a5 9. a3 0-0 10. b4 axb4 11. axb4 Kh8 12. Nd5 Ne7 13. Nd2 c6 14. Nxe7 Qxe7 15. b5 d5 16. Qb3 Be6 17. Bb2 e4 18. Ra1 Qd7 19. Rfd1 Rxa1 20. Rxa1 dxc4 21. bxc6 Qxc6 22. Qa3 cxd3 23. exd3 Qc2 24. Qb4 Rd8 25. Qb6 Re8 26. Nc4 exd3 27. Nd6 d2 28. Bf3 Bd5 29. Nxe8 Bxf3 30. Qd8 d1Q+ 31. Rxd1 Qxd1+ 32. Qxd1 Bxd1 33. Nxf6 b5 34. Kf1 Bb3 35. Ke2 Be6 36. f4 b4 37. Kd3 b3 38. Ke3 Bxf6 39. Bxf6+ Kg8 40. Be5 Kf7 41. h4 Bc4 42. Bb2 Ke6 43. Kd4 Bd5 44. Kc5 1/2-1/2

[Event "Budapest FS02 Elo-A"]
[Site "Budapest"]
[Date "2005.02.09"]
[Round "5"]
[White "Winkelmann, Elena"]
[Black "Szirmai, Eduard"]
[Result "0-1"]
[WhiteElo "2049"]
[BlackElo "2116"]
[PlyCount "56"]
[EventDate "2005.02.05"]
[EventType "tourn"]
[EventRounds "11"]
[EventCountry "HUN"]
[SourceTitle "EXT 2006"]
[Source "ChessBase"]
[SourceDate "2005.11.24"]
[SourceVersion "1"]
[SourceVersionDate "2005.11.24"]
[SourceQuality "1"]

1. d4 d6 2. c4 g6 3. Nc3 Bg7 4. e4 Nc6 5. Be3 e5 6. d5 Nce7 7. f3 f5 8. Bd3 Nf6 9. Nge2 0-0 10. Qd2 fxe4 11. Nxe4 Nf5 12. Bg5 Qe8 13. Nxf6+ Bxf6 14. Bxf6 Rxf6 15. Be4 Qa4 16. b3 Qa3 17. g4 Ne7 18. h4 Bd7 19. h5 Raf8 20. hxg6 Nxg6 21. Qh6 R8f7 22. g5 Rf5 23. Bxf5 Bxf5 24. 0-0 Qb2 25. Qh2 Qd2 26. Qg2 Bd3 27. Rf2 Bxe2 28. Rxe2 Qd4+ 0-1

[Event "Budapest FS08 FM-A"]
[Site "Budapest"]
[Date "2004.08.19"]
[Round "13"]
[White "Szekeres, Tibor"]
[Black "Szirmai, Eduard"]
[Result "1-0"]
[WhiteElo "2169"]
[BlackElo "2133"]
[PlyCount "89"]
[EventDate "2004.08.07"]
[EventType "tourn"]
[EventRounds "13"]
[EventCountry "HUN"]
[SourceTitle "EXT 2005"]
[Source "ChessBase"]
[SourceDate "2004.11.15"]
[SourceVersion "1"]
[SourceVersionDate "2004.11.15"]
[SourceQuality "1"]

1. Nf3 d5 2. g3 Nf6 3. Bg2 Bf5 4. c4 c6 5. Qb3 Qc8 6. cxd5 cxd5 7. Nc3 e6 8. d4 Nc6 9. Bf4 Bb4 10. 0-0 Bxc3 11. Qxc3 0-0 12. Nh4 Bg6 13. Nxg6 hxg6 14. f3 Qd7 15. Rfc1 Rac8 16. Qd2 Ne8 17. b3 Nd6 18. Be3 Rc7 19. Rc5 Nf5 20. Bf2 Rd8 21. Rac1 Qe7 22. g4 Nh4 23. Bh1 g5 24. Be3 f6 25. f4 gxf4 26. Bxf4 Rcd7 27. Bg3 Ng6 28. b4 a6 29. a4 Qf7 30. b5 axb5 31. axb5 Nce7 32. h4 Nf8 33. Bf3 Qg6 34. h5 Qf7 35. Kg2 Nh7 36. Bf4 g6 37. Kf2 gxh5 38. gxh5 Nf5 39. Rc8 Nd6 40. Rxd8+ Rxd8 41. Bxd6 Rxd6 42. Rc8+ Nf8 43. h6 Rd7 44. Qb4 Qe7 45. h7+ 1-0

[Event "Budapest FS08 FM-A"]
[Site "Budapest"]
[Date "2004.08.14"]
[Round "8"]
[White "Szirmai, Eduard"]
[Black "Szilardfy, Gyula"]
[Result "1-0"]
[WhiteElo "2133"]
[BlackElo "2106"]
[PlyCount "85"]
[EventDate "2004.08.07"]
[EventType "tourn"]
[EventRounds "13"]
[EventCountry "HUN"]
[SourceTitle "EXT 2005"]
[Source "ChessBase"]
[SourceDate "2004.11.15"]
[SourceVersion "1"]
[SourceVersionDate "2004.11.15"]
[SourceQuality "1"]

1. d4 Nf6 2. c4 g6 3. g3 Bg7 4. Bg2 0-0 5. Nf3 d6 6. 0-0 Nbd7 7. Nc3 e5 8. e3 Re8 9. b3 c6 10. dxe5 dxe5 11. Qc2 Nc5 12. Rd1 Qb6 13. e4 Bg4 14. Be3 Bf8 15. Na4 Qa5 16. Nxc5 Bxc5 17. Bxc5 Qxc5 18. Rd2 Rad8 19. Rad1 Bxf3 20. Rxd8 Bxd1 21. Rxd1 Kg7 22. Qc3 a5 23. Rd3 Re7 24. Qd2 a4 25. h4 axb3 26. axb3 h5 27. Bf3 Re8 28. Qc3 Ra8 29. b4 Qe7 30. c5 Ra2 31. Kg2 Ne8 32. Qb3 Ra7 33. Qd1 Nf6 34. Qd2 Ra8 35. Rd6 Ra3 36. Qg5 Rb3 37. Bxh5 Rxb4 38. Bxg6 fxg6 39. h5 Rxe4 40. Qxg6+ Kh8 41. Rxf6 Re2 42. Qh6+ Kg8 43. Qg5+ 1-0

[Event "Budapest FS08 FM-A"]
[Site "Budapest"]
[Date "2004.08.07"]
[Round "1"]
[White "Honsch, Pal"]
[Black "Szirmai, Eduard"]
[Result "0-1"]
[WhiteElo "2082"]
[BlackElo "2133"]
[PlyCount "50"]
[EventDate "2004.08.07"]
[EventType "tourn"]
[EventRounds "13"]
[EventCountry "HUN"]
[SourceTitle "EXT 2005"]
[Source "ChessBase"]
[SourceDate "2004.11.15"]
[SourceVersion "1"]
[SourceVersionDate "2004.11.15"]
[SourceQuality "1"]

1. d4 d5 2. c4 e6 3. Nf3 c5 4. g3 dxc4 5. Qa4+ Nc6 6. Bg2 Qa5+ 7. Qxa5 Nxa5 8. Be3 Nf6 9. dxc5 Nd5 10. Bd4 Nc6 11. e3 Ndb4 12. Na3 e5 13. Bxe5 Nd3+ 14. Ke2 Ndxe5 15. Nb5 Rb8 16. Nxe5 Nxe5 17. Rhd1 Bd7 18. Nd6+ Bxd6 19. Rxd6 0-0 20. f4 Bg4+ 21. Kd2 Nd3 22. b4 Nxb4 23. Kc3 Na6 24. Kxc4 Rfc8 25. Bxb7 Rxb7 0-1

[Event "Budapest FS10 FM-A"]
[Site "Budapest"]
[Date "2003.10.12"]
[Round "9"]
[White "Fodor, Istvan"]
[Black "Szirmai, Eduard"]
[Result "1/2-1/2"]
[WhiteElo "2070"]
[BlackElo "2150"]
[PlyCount "55"]
[EventDate "2003.10.04"]
[EventType "tourn"]
[EventRounds "11"]
[EventCountry "HUN"]
[SourceTitle "EXT 2004"]
[Source "ChessBase"]
[SourceDate "2003.11.25"]
[SourceVersion "1"]
[SourceVersionDate "2003.11.25"]
[SourceQuality "1"]

1. d4 d6 2. c4 Nf6 3. Nc3 Nbd7 4. e4 e5 5. Nf3 Be7 6. Be2 0-0 7. 0-0 c6 8. Be3 Re8 9. d5 c5 10. Nd2 Nf8 11. a3 Ng6 12. g3 Bh3 13. Re1 Qc8 14. b4 b6 15. bxc5 bxc5 16. Rb1 h5 17. f3 Nh7 18. Qb3 Qd8 19. Nd1 Bg5 20. Bxg5 Qxg5 21. Qe3 Nf4 22. Bf1 h4 23. Kf2 hxg3+ 24. hxg3 Bxf1 25. Rxf1 Nh3+ 26. Kg2 Nf4+ 27. Kf2 Nh3+ 28. Kg2 1/2-1/2

[Event "Budapest FS10 FM-A"]
[Site "Budapest"]
[Date "2003.10.09"]
[Round "6"]
[White "Szirmai, Eduard"]
[Black "Metaxasz, Vaszilisz"]
[Result "1/2-1/2"]
[WhiteElo "2150"]
[BlackElo "2190"]
[PlyCount "37"]
[EventDate "2003.10.04"]
[EventType "tourn"]
[EventRounds "11"]
[EventCountry "HUN"]
[SourceTitle "EXT 2004"]
[Source "ChessBase"]
[SourceDate "2003.11.25"]
[SourceVersion "1"]
[SourceVersionDate "2003.11.25"]
[SourceQuality "1"]

1. Nf3 Nf6 2. b3 d5 3. Bb2 Bf5 4. d3 e6 5. g3 c6 6. Bg2 Nbd7 7. 0-0 a5 8. a4 Qb6 9. Nbd2 Bc5 10. e3 0-0 11. Nh4 Bg4 12. Qe1 Rfe8 13. h3 Bh5 14. g4 Bg6 15. Ndf3 e5 16. Nxg6 hxg6 17. e4 d4 18. Bc1 Bb4 19. Bd2 1/2-1/2

[Event "Budapest FS10 FM-A"]
[Site "Budapest"]
[Date "2003.10.04"]
[Round "1"]
[White "Koczo, Kristof"]
[Black "Szirmai, Eduard"]
[Result "1-0"]
[WhiteElo "2188"]
[BlackElo "2150"]
[PlyCount "107"]
[EventDate "2003.10.04"]
[EventType "tourn"]
[EventRounds "11"]
[EventCountry "HUN"]
[SourceTitle "EXT 2004"]
[Source "ChessBase"]
[SourceDate "2003.11.25"]
[SourceVersion "1"]
[SourceVersionDate "2003.11.25"]
[SourceQuality "1"]

1. d4 d6 2. e4 Nf6 3. Nc3 c6 4. f4 Qa5 5. e5 Ne4 6. Qf3 d5 7. Bd3 Nxc3 8. Bd2 e6 9. Bxc3 Bb4 10. Ne2 c5 11. dxc5 Nc6 12. 0-0 Bxc3 13. bxc3 Qxc5+ 14. Kh1 g6 15. Qh3 Bd7 16. Rab1 b6 17. Bb5 Rc8 18. a4 h5 19. c4 d4 20. Ng3 0-0 21. Rf3 f5 22. exf6 Rxf6 23. Ne4 Qf5 24. Qxf5 Rxf5 25. Nd6 Rc5 26. Nxc8 Bxc8 27. Rd3 Bb7 28. Bxc6 Bxc6 29. Rxd4 Bxa4 30. Ra1 Bxc2 31. Rxa7 Rc8 32. Rdd7 Bf5 33. Rg7+ Kh8 34. Rh7+ Kg8 35. Rag7+ Kf8 36. Rh8+ Kxg7 37. Rxc8 Kf6 38. Rc6 Bd3 39. Kg1 Kf5 40. Kf2 Kxf4 41. Rxb6 Ke5 42. c5 Be4 43. Rb4 Bc6 44. Rc4 Kd5 45. Rc1 Kd4 46. Kg3 e5 47. Kh4 e4 48. Kg5 e3 49. g3 Be4 50. Kf4 g5+ 51. Kxg5 e2 52. Kxh5 Ke3 53. c6 Bxc6 54. Rxc6 1-0